Personnages Séries Netflix - Statistiques

Statistiques générales
  • Ce quiz a été pris 2 109 fois
  • Le résultat moyen est 5 sur 7
Statistiques - réponses
Personnages Séries % Correct
JJ, John B, Sarah Outerbanks
89%
Blair, Serena, Chuck Gossip girl
86%
Onze, Billy, Eddie Stranger things
84%
Ginny, Georgia, Marcus Ginny and georgia
83%
Otis, Maeve, Eric Sex Education
69%
Emily, Sylvie, Gabriel Emily in Paris
64%
Peneloppe, Daphne, Simon La chronique des Bridgerton
33%
Aucun quiz correspondant
Distribution des résultats
% des personnes avec chaque résultat
Percentile par nombre de réponses
Votre historique - résultats
Vous n’avez pas pris ce quiz